000
00225nam a22000857a 4500
008
161124b xxu||||| |||| 00| 0 eng d
100
_9
1361
_a
Tewari. T
245
_a
Sona`s Adventures
260
_a
New delhi
_b
National book trust
_c
2006
999
_c
4074
_d
4074